Statistics for Formula 1 General Knowledge

Click here to take the quiz!

General Stats

  • This quiz has been taken 340 times
  • The average score is 17 of 23

Answer Stats

HintAnswer% Correct
How many more races will there be in the F1 2022 season?1
99%
How long does an F1 car engine last? (Number of races)5
96%
An average F1 car can accelerate from 0 to 100MPH and go back to zero in how many seconds?4
93%
How many world championships title wins has Lewis Hamilton won?7
93%
How many buttons are there on an F1 steering wheel?20
91%
What year did Lewis Hamilton win his first F1 race?2007
87%
How many races are there in the F1 2021 season?22
86%
How many points are awarded to a driver coming in 4th?12
84%
What is the short track in the F1 season? (Country)Monaco
82%
Who was the youngest driver to start a race?Max Verstappen
75%
What is the longest track in the F1 season? (Country)Belgium
71%
What is the new street race next year? (City)Miami
69%
Who has entered the most F1 races than any other driver?Kimi Raikkonen
65%
What race in the F1 2021 had the most attendance of fans than any other race ever? (Country)United States
64%
In what year did F1 refueling pit stops?2009
63%
How many dry tyre changes are allowed in a race?13
62%
Youngest driver in the F1 2021 season?Yuki Tsunoda
62%
What race has the longest straight on the F1 calendar? (Country)Azerbaijan
60%
What is the size of an engine in a F1 car? (Litres)1.6
56%
Where will the fastest street circuit be held in the F1 2021 season? (Country)Saudi Arabia
56%
In what race did Valtteri Bottas achieve the highest top speed ever of an F1 car at 231mph? (Country)Mexico
53%
F1 started in which year?1946
47%
What is the maximum amount of points a driver could be awarded across the F1 2021 season?572
42%

Score Distribution

Percentile by Number Answered

Percent of People with Each Score

Your Score History

You have not taken this quiz